000 00489nam a2200193Ia 4500
005 20240823042341.0
008 240823s9999||||xx |||||||||||||| ||und||
020 _a81-8209-059-8
041 _aENGLISH
082 _A005.133 P4
100 _a"Leon, Alexis"
245 0 _aFundamentals of Computing C Programming and MS Office
250 _a1st
260 _c2004
_bVijay N
500 _aTRANSFERED
650 _aProgramming
_bComputer Applications
942 _cBK
999 _c207661
_d207661